000 00426nam a2200133Ia 4500
008 220204s9999 xx 000 0 und d
082 _aNR:631.1 1974
_bRRI;1
245 0 _aRRII first short term course on rubber cultivation processing and estate management 4 Nov-4 Dec 1974
260 _aKottayam
_bRRII
_c1974
650 _aBoard development scheme
650 _aRubber cultivation
650 _aRubber diseases
942 _cBK
999 _c43362
_d43362